|
|
|
|
| LEADER |
00000nam0a2200000 4500 |
| 001 |
173461 |
| 005 |
20231227143511.0 |
| 010 |
|
|
|b 100 экз.
|
| 035 |
|
|
|a (RuTPU)RU\TPU\book\188121
|
| 090 |
|
|
|a 173461
|
| 100 |
|
|
|a 20091224d1969 k y0rusy50 ca
|
| 101 |
0 |
|
|a rus
|
| 102 |
|
|
|a RU
|
| 105 |
|
|
|a y z 001zy
|
| 200 |
1 |
|
|a Исследования в области радиационной физики и метериаловедения твердых тел с ионными связями
|e доклад на координационном совещании по радиационной физике, г. Киев, октябрь 1969 г.
|f А. А. Воробьев [и др.]
|
| 210 |
|
|
|a Томск
|d 1969
|
| 215 |
|
|
|a 34 с.
|c 5 л. ил.
|
| 300 |
|
|
|a Ротапринт. изд.
|
| 320 |
|
|
|a Библиогр.: с. 33-34
|
| 606 |
1 |
|
|a Радиационная физика
|2 stltpush
|3 (RuTPU)RU\TPU\subj\22309
|9 47106
|
| 606 |
1 |
|
|a Твердые тела
|2 stltpush
|3 (RuTPU)RU\TPU\subj\58634
|9 76404
|
| 610 |
1 |
|
|a материаловедение
|
| 610 |
1 |
|
|a ионные связи
|
| 610 |
1 |
|
|a исследования
|
| 610 |
1 |
|
|a излучение
|
| 610 |
1 |
|
|a поглощенная энергия
|
| 610 |
1 |
|
|a треки
|
| 610 |
1 |
|
|a кристаллы
|
| 610 |
1 |
|
|a заряженные частицы
|
| 610 |
1 |
|
|a диэлектрические потери
|
| 610 |
1 |
|
|a щелочно-галоидные кристаллы
|
| 610 |
1 |
|
|a запасенная энергия
|
| 610 |
1 |
|
|a твердые неорганические соединения
|
| 610 |
1 |
|
|a радиолиз
|
| 610 |
1 |
|
|a ингибирование
|
| 610 |
1 |
|
|a совещания
|
| 610 |
1 |
|
|a доклады
|
| 610 |
1 |
|
|a труды учёных ТПУ
|
| 675 |
|
|
|a 539.16.04
|v 3
|
| 675 |
|
|
|a 539.2
|v 3
|
| 701 |
|
1 |
|a Воробьев
|b А. А.
|c российский физик
|c ректор Томского политехнического института, профессор
|f 1909-1981
|g Александр Акимович
|3 (RuTPU)RU\TPU\pers\12805
|
| 701 |
|
1 |
|a Анненков
|b Ю. М.
|
| 701 |
|
1 |
|a Вайсбурд
|b Д. И.
|c российский ученый, физик
|c профессор, директор Центра новых технологий Томского политехнического университета
|f 1937-
|g Давид Израйлевич
|3 (RuTPU)RU\TPU\pers\19773
|
| 701 |
|
1 |
|a Воробьев
|b В. А.
|g Владимир Александрович
|
| 701 |
|
1 |
|a Головчанский
|b Е. М.
|
| 701 |
|
1 |
|a Завадовская
|b Е. К.
|c российский физик
|c профессор кафедры физики твердого тела Томского политехнического института
|f 1913-2004
|g Екатерина Константиновна
|3 (RuTPU)RU\TPU\pers\19787
|
| 701 |
|
1 |
|a Захаров
|b Ю. А.
|c российский химик
|c профессор Томского политехнического университета
|f 1938-
|g Юрий Александрович
|3 (RuTPU)RU\TPU\pers\19791
|
| 701 |
|
1 |
|a Кононов
|b Б. А.
|c российский физик
|c Заслуженный профессор Томского политехнического университета
|f 1930-
|g Борис Александрович
|3 (RuTPU)RU\TPU\pers\19802
|
| 701 |
|
1 |
|a Лисицын
|b В. М.
|c физик
|c профессор Томского политехнического университета, кандидат физико-математических наук
|f 1939-
|g Виктор Михайлович
|3 (RuTPU)RU\TPU\pers\10510
|9 2237
|
| 801 |
|
1 |
|a RU
|b 63413507
|c 20091224
|
| 801 |
|
2 |
|a RU
|b 63413507
|c 20200825
|g RCR
|
| 942 |
|
|
|c BK
|